00583nam a2200241Ia 450000500170000000800460001702000180006303700100008104000080009104000080009904000080010704100080011504100080012308400080013110000160013924500410015524500470019626000230024326000090026636500050027536500080028085600530028820260324113958.0008 260324s9999 xx 000 0 eng d a9781003343820 aEBOOK aCRL beng cCRL 2eng aeng qCRL aJames Foley 4aThe Scottish Economy and Nationalism 0bConstructing Scotland’s Imagined Economy bTaylor and Francis c2023 a b230 uhttp://www.taylorfrancis.com/books/9781003343820